LIBRARY & INFORMATION CENTRE, KCAET, TAVANUR

ONLINE PUBLIC ACCESS CATALOGUE (OPAC)

Twentieth century adventures / (Record no. 5570)

MARC details
000 -LEADER
fixed length control field 00497cam a2200205ua 4500
041 ## - LANGUAGE CODE
Language code of text/sound track or separate title eng
082 ## - DEWEY DECIMAL CLASSIFICATION NUMBER
Classification number 823.301
Item number KRI/TW
100 ## - MAIN ENTRY--AUTHOR NAME
Personal name Krishnamurthy, S .
245 00 - TITLE STATEMENT
Title Twentieth century adventures /
250 ## - EDITION STATEMENT
Edition statement 1 /
260 ## - PUBLICATION, DISTRIBUTION, ETC. (IMPRINT)
Place of publication London :
Name of publisher Orient-Longman Ltd ,
Year of publication 1969.
300 ## - PHYSICAL DESCRIPTION
Number of Pages 135 ; .
942 ## - ADDED ENTRY ELEMENTS (KOHA)
Koha item type Books
Holdings
Withdrawn status Lost status Damaged status Home library Current library Date acquired Full call number Accession Number Koha item type
      KAUAET KAUAET 07/04/2012 823.301 12474 Books
      KAUAET KAUAET 07/04/2012 823.301 12473 Books
Withdrawn     KAUAET Sanskrit University 07/04/2012 823.301 12472 Books
free website counter